00946 a2200229 4500003000500000005001700005010001600022020002200038020001500060040000900075082001600084100002200100245006100122260005100183300003400234440004000268505027100308650002900579650002600608650004400634650003800678Nust20221228134041.0 a 90023819 a0387532919 (U.S.) a3540532919 cNust00a621.395,MAG1 aMagrab, Edward B.10aComputer integrated experimentation /cEdward B. Magrab. aBerlin ;aNew York :bSpringer-Verlag,cc1991. axii, 295 p. :bill. ;c24 cm. 0aEnvironmental and energetics series aIntroduction (Page-1), Analysis of Signals (Page-17), Linear Systems and Filters (Page-61), Analog to Digital Concersion (Page-113), Some General Purpose Instrumentation (Page-137), Computer Integrated Experimentation (Page-159),Transducers and Actuators (Page-175), 0aEngineering instruments. 0aPhysical instruments. 0aPhysical measurementsxData processing. 0aProcess controlxData processing.